000 00562nam a2200217 a 4500
001 0001-2009
003 ELIB.Books
008 190611 2010 eng
020 _aKBTS
092 _a248.4
_bBor
100 _aBordon, David.
245 _a101 Things You Should Do Before Going to Heaven
260 _aNew York
_bWanner Faith
_c2006
300 _a223
_c18.5 Cm
650 _aChristian Life
856 _nKBTS Library
_uKBTS Elib
942 _2ddc
_cBK
990 _a1
998 _aEnglishbooks.elf
_ccat
_e2019-06-11
999 _c12009
_d12009